000 00278nam a22001217a 4500
020 _a81-8388-302-8
082 _a000
_bSPI/N
100 _aSPIDER BOOKS
245 _aMY PRE-SCHOOL BOOK OF NUMBERS
260 _aCHENNAI
_bSPIDER BOOKS
650 _aPICTURE BOOK
_zINDIA
942 _cBK
999 _c4678
_d4678